Házasság

Správa o sobáši grófa Júliusa Andrášiho s vdovou po bratovi Teodorovi rod. grófkou Elenou Ziči (Zichy) v Budapesti v auguste roku 1909. Sobáš advokáta Dr. Júliusa Mandela z Vranova s Irenou Ganzfried z Košíc a sobáš Vojtecha Friedmana (?) z Brekova s Gizelou Neustadt z Lomničky (SĽ)....

Celý popis

Podrobná bibliografia
Médium: Článok
Jazyk:Hungarian
Témy:
Zdroj: 1. Felvidéki Hirlap 1. Roč. 2, č. 32 (08.08.1909) s. 2
LEADER 01443nab#a2200409#ar4500
001 000073336
003 SVKKK
005 20040107xxxxxxx.
008 06 c xo huno
FMT
038 |a SVKKK 
040 |a SVKKK  |b slo  |e AACR2 
041 0 |a hun 
044 |a xo  |c SK 
080 |a 394 
080 |a 929.52 Andráši 
242 1 0 |a Sobáš 
245 0 0 |a Házasság 
500 |a mikrofilm 
520 2 |a Správa o sobáši grófa Júliusa Andrášiho s vdovou po bratovi Teodorovi rod. grófkou Elenou Ziči (Zichy) v Budapesti v auguste roku 1909. Sobáš advokáta Dr. Júliusa Mandela z Vranova s Irenou Ganzfried z Košíc a sobáš Vojtecha Friedmana (?) z Brekova s Gizelou Neustadt z Lomničky (SĽ). 
650 0 4 |a Friedman, Vojtech (?) - Brekov (HN) - Neustadt, Gizela (nevesta) - Lomnička (SĽ) - august 1909 - správy 
650 0 4 |a Mandel, Július (advokát) - Vranov - Ganzfried, Irena (nevesta) - Košice 
650 0 4 |a sobáše - Andráši, Július (gróf) - Andráši, Teodorné rod. Ziči, Elena (grófka) - Budapest - august 1909 
773 0 |t Felvidéki Hirlap  |g Roč. 2, č. 32 (08.08.1909) s. 2 
957 |a Brekov 
957 |a Budapest (HU) 
957 |a Kislomnic pozri Lomnička 
957 |a Košice 
957 |a Lomnička 
957 |a Trebišov 
957 |a Vranov 
958 |a DG 
958 |a SK 
974 |a Ba  |d 20040107 
992 |a RBX 
BAS
998 |a RETRO